[Event "Steinfurt Bezirksklasse 1819"]
[Site "Germany"]
[Date "2019.01.12"]
[Round "4.3"]
[White "Bloom, Luca"]
[Black "Hepe, Henning"]
[Result "1-0"]
[WhiteElo "1180"]
[BlackElo "1183"]
[PlyCount "33"]
[EventDate "2018.09.29"]
[EventType "team-tourn"]
[EventRounds "7"]
[EventCountry "GER"]
[SourceTitle "EXT 2020"]
[Source "ChessBase"]
[SourceDate "2019.10.17"]
[SourceVersion "1"]
[SourceVersionDate "2019.10.17"]
[SourceQuality "1"]
[WhiteTeam "Reckenfeld II"]
[BlackTeam "Steinfurt IV"]
[WhiteTeamCountry "GER"]
[BlackTeamCountry "GER"]

1. e4 e5 2. Nf3 Nc6 3. Nc3 Bc5 4. Bc4 d6 5. d3 Nf6 6. h3 Be6 7. Bb5 0-0 8. Bxc6 bxc6 9. b3 h6 10. Bd2 d5 11. Nxe5 Qd6 12. Bf4 Bb6 13. 0-0 Bd4 14. Nxc6 Qxc6 15. exd5 Bxd5 16. Nxd5 Bxa1 17. Ne7+ 1-0

[Event "Steinfurt Bezirksklasse 1819"]
[Site "Germany"]
[Date "2018.12.01"]
[Round "3.5"]
[White "Altenaehr, Johannes"]
[Black "Bloom, Luca"]
[Result "1-0"]
[WhiteElo "1374"]
[BlackElo "1180"]
[PlyCount "77"]
[EventDate "2018.09.29"]
[EventType "team-tourn"]
[EventRounds "7"]
[EventCountry "GER"]
[SourceTitle "EXT 2020"]
[Source "ChessBase"]
[SourceDate "2019.10.17"]
[SourceVersion "1"]
[SourceVersionDate "2019.10.17"]
[SourceQuality "1"]
[WhiteTeam "Rheine CC"]
[BlackTeam "Reckenfeld II"]
[WhiteTeamCountry "GER"]
[BlackTeamCountry "GER"]

1. Nf3 Nf6 2. d4 d5 3. c4 e6 4. Nc3 Bb4 5. Bg5 Nbd7 6. Bxf6 Qxf6 7. cxd5 exd5 8. Qc2 Qe7 9. e3 Nf6 10. Qa4+ Bd7 11. Qb3 0-0 12. a3 Bxc3+ 13. bxc3 b6 14. Bd3 c6 15. 0-0 Qd6 16. c4 Be6 17. Ne5 Ng4 18. Nxg4 Bxg4 19. cxd5 cxd5 20. Rac1 Rfe8 21. Bb5 Re6 22. Bc6 Rh6 23. f4 Rc8 24. Bxd5 Rf8 25. Rc6 Qe7 26. Rxh6 gxh6 27. Bf3 Be6 28. d5 Bf5 29. g4 Bd7 30. e4 Qh4 31. Qb2 Bxg4 32. Qg2 Kh8 33. Bxg4 Rg8 34. Rf3 Qe1+ 35. Rf1 Qh4 36. Qb2+ f6 37. h3 h5 38. Rf2 Qxh3 39. Qxf6+ 1-0

[Event "Steinfurt Bezirksklasse 1718"]
[Site "Germany"]
[Date "2018.02.10"]
[Round "5.6"]
[White "Bloom, Luca"]
[Black "Fuhrmann, Andreas"]
[Result "0-1"]
[WhiteElo "1163"]
[BlackElo "1668"]
[PlyCount "66"]
[EventDate "2017.10.07"]
[EventType "team-tourn"]
[EventRounds "7"]
[EventCountry "GER"]
[SourceTitle "EXT 2019"]
[Source "ChessBase"]
[SourceDate "2018.10.10"]
[SourceVersion "1"]
[SourceVersionDate "2018.10.10"]
[SourceQuality "1"]
[WhiteTeam "Reckenfeld II"]
[BlackTeam "Emsdetten Rochade VI"]
[WhiteTeamCountry "GER"]
[BlackTeamCountry "GER"]

1. e4 e6 2. d4 d5 3. e5 c5 4. Be3 cxd4 5. Bxd4 Nc6 6. Bb5 Bd7 7. Bxc6 bxc6 8. c3 c5 9. Be3 Qc7 10. Nf3 Ne7 11. b3 Ng6 12. 0-0 Nxe5 13. Bf4 Nxf3+ 14. Qxf3 Bd6 15. Bxd6 Qxd6 16. Rd1 0-0 17. Na3 Qc7 18. Rac1 Bc6 19. Qe3 Qb6 20. c4 d4 21. Qf4 Rad8 22. Rd3 Qb7 23. Rg3 Qe7 24. Qh6 g6 25. Rh3 f6 26. Rd1 e5 27. Nc2 e4 28. Re1 Qg7 29. Qxg7+ Kxg7 30. f3 f5 31. fxe4 fxe4 32. b4 Ba4 33. Re2 d3 0-1

[Event "Steinfurt Bezirksklasse 1718"]
[Site "Germany"]
[Date "2018.01.20"]
[Round "4.4"]
[White "Hillenkoetter, Albert"]
[Black "Bloom, Luca"]
[Result "1-0"]
[WhiteElo "1326"]
[BlackElo "1163"]
[PlyCount "93"]
[EventDate "2017.10.07"]
[EventType "team-tourn"]
[EventRounds "7"]
[EventCountry "GER"]
[SourceTitle "EXT 2019"]
[Source "ChessBase"]
[SourceDate "2018.10.10"]
[SourceVersion "1"]
[SourceVersionDate "2018.10.10"]
[SourceQuality "1"]
[WhiteTeam "Nordwalde II"]
[BlackTeam "Reckenfeld II"]
[WhiteTeamCountry "GER"]
[BlackTeamCountry "GER"]

1. d4 d5 2. c4 c6 3. Nf3 Nf6 4. c5 Bf5 5. Nc3 h6 6. h3 g5 7. e3 Nbd7 8. Bd3 e6 9. Bxf5 exf5 10. b4 a6 11. Qc2 g4 12. Nh4 Ne4 13. Nxf5 Nxc3 14. Qxc3 Qf6 15. hxg4 h5 16. g3 hxg4 17. Rxh8 Qxh8 18. Qd3 b6 19. Rb1 a5 20. a3 axb4 21. axb4 Qh1+ 22. Qf1 Qf3 23. Nh4 Qe4 24. Rb2 Ra1 25. Kd2 b5 26. Qd1 Be7 27. Rc2 Bxh4 28. gxh4 Qg2 29. Qe2 Nf6 30. Bb2 Ne4+ 31. Kd3 Nxf2+ 32. Kd2 Rd1+ 33. Kc3 Ne4+ 34. Kb3 Nd2+ 35. Rxd2 Qxe2 36. Rxe2 g3 37. Rg2 Rd3+ 38. Kc2 Rxe3 39. Bc1 Rf3 40. Kd1 Rd3+ 41. Kc2 Rf3 42. Bd2 f5 43. Re2+ Kf7 44. h5 Kg7 45. h6+ Kg6 46. Re6+ Kf7 47. Re7+ 1-0

[Event "Steinfurt Bezirksklasse 1617"]
[Site "Germany"]
[Date "2016.09.17"]
[Round "1.6"]
[White "Bloom, Luca"]
[Black "Stroot, Helmut"]
[Result "0-1"]
[WhiteElo "1192"]
[BlackElo "1227"]
[PlyCount "36"]
[EventDate "2016.09.17"]
[EventType "team"]
[EventRounds "10"]
[EventCountry "GER"]
[SourceTitle "EXT 2018"]
[Source "ChessBase"]
[SourceDate "2017.10.13"]
[SourceVersion "1"]
[SourceVersionDate "2017.10.13"]
[SourceQuality "1"]
[WhiteTeam "Reckenfeld II"]
[BlackTeam "Rheine CC"]
[WhiteTeamCountry "GER"]
[BlackTeamCountry "GER"]

1. d4 d5 2. Bf4 Nf6 3. e3 Nc6 4. h3 Bf5 5. Bd3 Ne4 6. f3 e6 7. fxe4 dxe4 8. Bb5 Bd6 9. d5 exd5 10. Qxd5 Bb4+ 11. Qd2 Bxd2+ 12. Nxd2 0-0 13. 0-0-0 a6 14. Bxc6 bxc6 15. Ne2 Rb8 16. Nd4 Qf6 17. g4 c5 18. Nxf5 Qxb2# 0-1